Sell the region before the product (Record no. 67368)

MARC details
000 -LEADER
fixed length control field 01282cam a2200253 4500
001 - CONTROL NUMBER
control field X113145
008 - FIXED-LENGTH DATA ELEMENTS--GENERAL INFORMATION
fixed length control field 000000n2001 000 0 eng u
035 ## - SYSTEM CONTROL NUMBER
System control number (Sirsi) u113145
100 ## - MAIN ENTRY--PERSONAL NAME
Personal name Osbourne, H.
245 ## - TITLE STATEMENT
Title Sell the region before the product
260 ## - PUBLICATION, DISTRIBUTION, ETC.
Date of publication, distribution, etc. 2001
490 ## - SERIES STATEMENT
Series statement Estates Gazette
Volume/sequential designation (0122) 2 June 2001, 136-137(2)
520 ## - SUMMARY, ETC.
Summary, etc. Investigates the role played by Marketing Manchester, a public-private organisation made up of fee-paying members including surveyors and the Chamber of Commerce, in attracting investment into the Manchester. Agents partnering with the organisation claim that by promoting the city Marketing Manchester makes it easier for them to attract buyers and tenants. An added benefit is the chance to interact with MIDAS, the Manchester Investment and Development Agency Service, another partner seeking to introduce overseas companies to Manchester and act as a go-between for developers and authorities.
650 ## - SUBJECT ADDED ENTRY--TOPICAL TERM
Topical term or geographic name entry element COMMERCIAL SECTOR
650 ## - SUBJECT ADDED ENTRY--TOPICAL TERM
Topical term or geographic name entry element INWARD INVESTMENT
650 ## - SUBJECT ADDED ENTRY--TOPICAL TERM
Topical term or geographic name entry element MANCHESTER
650 ## - SUBJECT ADDED ENTRY--TOPICAL TERM
Topical term or geographic name entry element MANCHESTER INVESTMENT AND DEVELOPMENT AGENCY SERVICE
650 ## - SUBJECT ADDED ENTRY--TOPICAL TERM
Topical term or geographic name entry element MARKETING
650 ## - SUBJECT ADDED ENTRY--TOPICAL TERM
Topical term or geographic name entry element MARKETING MANCHESTER
650 ## - SUBJECT ADDED ENTRY--TOPICAL TERM
Topical term or geographic name entry element MIDAS
650 ## - SUBJECT ADDED ENTRY--TOPICAL TERM
Topical term or geographic name entry element PARTNERSHIPS
690 ## - LOCAL SUBJECT ADDED ENTRY--TOPICAL TERM (OCLC, RLIN)
Topical term or geographic name as entry element MANAGEMENT-BUSINESS MANAGEMENT
942 ## - ADDED ENTRY ELEMENTS (KOHA)
Suppress in OPAC 0
Holdings
Withdrawn status Lost status Source of classification or shelving scheme Damaged status Not for loan Home library Current library Shelving location Date acquired Total Checkouts Full call number Barcode Date last seen Copy number Price effective from Koha item type
    Dewey Decimal Classification     London London Journal article 19/06/2001   X113145 113145-1001 06/08/2019 1 06/08/2019 Journal article